|
|
|
|
| LEADER |
03658nam a22003973i 4500 |
| 001 |
EBC6784232 |
| 003 |
MiAaPQ |
| 005 |
20231204023219.0 |
| 006 |
m o d | |
| 007 |
cr cnu|||||||| |
| 008 |
231204s2021 xx o ||||0 ger d |
| 020 |
|
|
|a 9783658343354
|q (electronic bk.)
|
| 020 |
|
|
|z 9783658343347
|
| 035 |
|
|
|a (MiAaPQ)EBC6784232
|
| 035 |
|
|
|a (Au-PeEL)EBL6784232
|
| 035 |
|
|
|a (OCoLC)1287822740
|
| 040 |
|
|
|a MiAaPQ
|b eng
|e rda
|e pn
|c MiAaPQ
|d MiAaPQ
|
| 050 |
|
4 |
|a HV697-4959
|
| 100 |
1 |
|
|a Sailer, Marcel.
|
| 245 |
1 |
0 |
|a Active Assisted Living :
|b Anwendungsszenarien und lösungsansätze Für ein Selbstbestimmtes Leben.
|
| 250 |
|
|
|a 1st ed.
|
| 264 |
|
1 |
|a Wiesbaden :
|b Springer Fachmedien Wiesbaden GmbH,
|c 2021.
|
| 264 |
|
4 |
|c {copy}2021.
|
| 300 |
|
|
|a 1 online resource (235 pages)
|
| 336 |
|
|
|a text
|b txt
|2 rdacontent
|
| 337 |
|
|
|a computer
|b c
|2 rdamedia
|
| 338 |
|
|
|a online resource
|b cr
|2 rdacarrier
|
| 505 |
0 |
|
|a Intro -- Vorwort -- Inhaltsverzeichnis -- 1 Einleitung -- Literatur -- 2 Demographische Entwicklungen im Kontext der Entwicklungen von AAL-Technologien -- Literatur -- 3 Reichweite und Nomenklatur der AAL-Technologien -- Literatur -- 4 Identifizierte Problemfelder -- 4.1 Herausforderungen bei der Implementierung und Markteinführung von AAL-Lösungen -- 4.2 Finanzierungsstrukturen-wer bezahlt für AAL? -- 4.3 Zurückhaltung professioneller Akteur*innen -- Literatur -- 5 AAL in Anwendungsszenarien -- 5.1 Auswirkungen eines humanoiden Roboters auf das Wohlbefinden von hospitalisierten Kindern in der Pädiatrie -- 5.2 Development of the Acceptance of Robotics in Geriatric Care Under the Influence of Demographic Change -- 5.3 Akzeptanz von Sensoren zur Erfassung medizinisch relevanter Vitalparameter im und am Körper: Horrorvorstellung oder Hoffnung? -- 5.4 Telemonitoring in der Kardiologie am Beispiel von Patient*innen mit Herzinsuffizienz -- 5.5 Analyse der Prognose von Technologieentwicklungen auf Grundlage des Gartner Hype Cycles for Emerging Technologies -- 5.6 Big Data - Möglichkeiten und Grenzen der digitalen Phänotypisierung zur Erkennung dementieller Symptome -- Anhang -- Literatur -- 6 Lösungsansätze -- 6.1 Kunden- und marktorientierte AAL Systeme -- 6.2 Problem Reframing bei AAL-Entwicklungen -- 6.3 Neue Technologien im sozialstaatlichen und zivilgesellschaftlichen Kontext - Anforderungen an interdisziplinäres Lernen -- 6.4 Konzept AAL Lab Heidenheim - Die Nutzenpotenziale eines Reallabors für bedarfsorientierte Entwicklungen von AAL-Lösungen -- 6.5 Kundenzentrische Entwicklung von AAL-Geschäftsmodellen mittels Design Thinking -- 6.6 Das Zusammenspiel von gesundheits- und alltagsbezogenen Lösungsansätzen - die Chancen eines virtuellen Dorfmarktplatzes für eine optimale Gesundheitsversorgung -- Literatur.
|
| 505 |
8 |
|
|a 7 AAL als Geschäftsmodell - von Gewinnerzielungsabsichten, gesellschaftlicher Verantwortung, Systemrelevanz und den Zutaten für ein humanistisch geprägtes Älterwerden -- 8 Schlusswort und Ausblick.
|
| 588 |
|
|
|a Description based on publisher supplied metadata and other sources.
|
| 590 |
|
|
|a Electronic reproduction. Ann Arbor, Michigan : ProQuest Ebook Central, 2023. Available via World Wide Web. Access may be limited to ProQuest Ebook Central affiliated libraries.
|
| 655 |
|
4 |
|a Electronic books.
|
| 700 |
1 |
|
|a Mahr, Andreas.
|
| 776 |
0 |
8 |
|i Print version:
|a Sailer, Marcel
|t Active Assisted Living
|d Wiesbaden : Springer Fachmedien Wiesbaden GmbH,c2021
|z 9783658343347
|
| 797 |
2 |
|
|a ProQuest (Firm)
|
| 856 |
4 |
0 |
|u https://ebookcentral.proquest.com/lib/matrademy/detail.action?docID=6784232
|z Click to View
|